Effectif de Manchester United 24/25 (Images) - Statistiques

Statistiques générales
  • Ce quiz a été pris 132 fois
  • Le résultat moyen est 20 sur 21
Statistiques - réponses
Hint Réponse % Correct

Casemiro
98%

Bruno Fernandes
97%

Christian Eriksen
97%

André Onana
96%

Harry Maguire
96%

Leny Yoro
96%

Rasmus Højlund
96%

Alejandro Garnacho
95%

Luke Shaw
95%

Matthijs de Ligt
95%

Mason Mount
94%

Lisandro Martínez
93%

Joshua Zirkzee
92%

Altay Bayındır
91%

Manuel Ugarte
91%

Tom Heaton
90%

Victor Lindelöf
90%

Amad Diallo
89%

Noussair Mazraoui
89%

Diogo Dalot
86%

Jonny Evans
86%
Aucun quiz correspondant
Distribution des résultats
% des personnes avec chaque résultat
Percentile par nombre de réponses
Votre historique - résultats
Vous n’avez pas pris ce quiz